000 nam a22 7a 4500
999 _c3688
_d3688
005 20170523152320.0
008 170523b1999 -us||||| |||| 00| 0 eng d
020 _a0768003423
040 _aAKMAL
082 _a681.7668 PLA
090 _a681.7668
_bPLA
245 0 0 _aPlastic components, processes, and technology.
260 _aUSA :
_bSAE,
_c1999
300 _a131p
_ccm
942 _2ddc
_cBOOK